000 01071nam0a22003011 4500
001 v19\rc\1963553
005 20260406105148.0
035 _a(NLR Aleph) 005269090
090 _a5980149
_c5980149
100 _a20080428d1913 |||y0rusy50 ca
101 0 _arus
102 _aRU
105 _ay z |||||
200 1 _aЗуб мудрости
_eФарс в 1 д.
_e(Ориг.)
_f[Соч.] Р. Чинарова и М. Топельберг
210 _aМосква
_cС.Ф. Рассохин
_d1913
215 _a13 с.
_d26
309 _aНапеч. на пиш. маш. Литогр.
532 1 3 _aЗуб мудрости
700 1 _8rus
_7ca
_aЧинаров
_bР. З.
_f1869-1943
_gРубенс Зармайрович
_3RU\NLR\AUTH\77100336
_983262
701 1 _aТопельберг
_bМ.Л.
_gМихаил Львович
801 0 _aRU
_bNLR
_c20080428
_gpsbo
801 0 _aRU
_bRuMoRGB
_c20080428
_2psbo
801 1 _aRU
_bProSoft-M
_c20080428
_2rusmarc
801 2 _aRU
_bNLR
_c20110816
_2rusmarc
852 _aNLR
_j37.55.4.16
942 _cBOOK
980 _aNB